00231nam a22000977a 4500040000700000082000800007100002400015245005300039260003400092300000700126 cHS a636 aMICHEAL R. MUIRHEAD aManaging pig health and the treatment of disease aNAbMICHEAL R. MUIRHEADc2002 aNA